Účtovné a daňové aspekty pohľadávok po splatnosti a sporných pohľadávok diplomová práca

Gespeichert in:
Bibliographische Detailangaben
1. Verfasser: Ševčíková, Adriana
Körperschaft: Fakulta hospodárskej informatiky EU. Katedra účtovníctva a audítorstva
Weitere Verfasser: Gedeon, Milan, 1993-
Format: Buch
Sprache:Slowakisch
Veröffentlicht: Bratislava 2024
Tags: Tag hinzufügen
Keine Tags, Fügen Sie das erste Tag hinzu!

MARC

LEADER 00000nbm a2200000 4500
001 0301201
005 20250205083558.4
041 0 |a slo 
044 |a SK 
245 1 0 |a Účtovné a daňové aspekty pohľadávok po splatnosti a sporných pohľadávok  |b diplomová práca  |c Adriana Ševčíková ; školiteľ: Milan Gedeon 
264 1 |a Bratislava  |c 2024 
300 |a 59 s. 
100 1 |a Ševčíková, Adriana 
700 1 |a Gedeon, Milan, 1993- 
710 2 |a Fakulta hospodárskej informatiky EU. Katedra účtovníctva a audítorstva